Datum a čas kvízu
21
Celkem bodů
Celkový počet nahraných bodů na tomto kvízu bez doplňovacích otázek.
6.
Pořadí na kvízu
Konečné umístění týmu na tomto kvízu.
Zaznamenané odpovědi
| # | Otázka | Odpověď | Body | Výsledky |
|---|---|---|---|---|
| 1. | Minulý týden vydalo české vývo... | Kingdom Come (Deliverance II) | 1 | |
| 2. | Český řidič kamionu v pondělí... | B) do běžkařské stopy | 1 | |
| 3. | Britská kapela, která byla zal... | Black Sabbath | 1 | |
| 4. | Jedna japonská automobilka ve... | Nissan, Honda | 0.5 | |
| 5. | Která tenistka v pondělí na so... | Petra Kvitová | 1 | |
| 6. | Kterým slovem na písmeno K se... | kapsid(a) | 1 | |
| 7. | V roce 2016 vyhlásila WHO glob... | zika | 1 | |
| 8. | Přiřaďte viry k onemocněním, k... | 1D 2A 3C 4B | 0 | |
| 9. | Viry mají svou genetickou info... | U (uracil) | 1 | |
| 10. | V oblíbené ptačí rezervaci z n... | Pandemie | 0 |